| 000 | 00434nam a2200157Ia 4500 | ||
|---|---|---|---|
| 008 | 160316s1998 xxu||||| |||| 00| 0 eng d | ||
| 082 |
_a378.100000 _bKAM |
||
| 100 | _aKamat Sangeeta | ||
| 245 | _aEducation for what?: De-mystifying the world bank education agenda | ||
| 250 | _a | ||
| 260 |
_aAfrica _bUNESCO _c1998 |
||
| 300 |
_a21-27 _b _c |
||
| 365 | _b | ||
| 650 | _a1. Education agenda 2. World bank education | ||
| 700 |
_a _a |
||
| 999 |
_c34438 _d34438 |
||